[Event "Mondiale Lampo FIDE 2019"]
[Site "Mosca"]
[Date "29.12.2019"]
[Round "6.23"]
[White "Gareyev, Timur"]
[Black "Sargissian, Gabriel"]
[Result "0-1"]
[WhiteTitle "GM"]
[BlackTitle "GM"]
[WhiteElo "2598"]
[BlackElo "2689"]
[WhiteFideId "14200937"]
[BlackFideId "13300881"]
[EventDate "2019.12.29"]

1. d4 Nf6 2. c4 e6 3. Nc3 Bb4 4. Nf3 d5 5. Qa4+ Nc6 6. e3 O-O 7. Bd2 dxc4 8.
Bxc4 Bd6 9. Nb5 Ne4 10. Nxd6 cxd6 11. Qc2 Nxd2 12. Nxd2 d5 13. Bd3 h6 14. O-O
Bd7 15. Rfc1 Rc8 16. Qb3 Qb6 17. Qxb6 axb6 18. a3 Na7 19. Kf1 Bb5 20. Ke2 Bxd3+
21. Kxd3 Nb5 22. a4 Nd6 23. Rc3 b5 24. a5 Rxc3+ 25. Kxc3 Rc8+ 26. Kd3 Kf8 27. f3
Ke7 28. a6 bxa6 29. Rxa6 Nc4 30. Nxc4 bxc4+ 31. Kc3 Rb8 32. Ra3 g5 33. b3 cxb3
34. Rxb3 Ra8 35. Rb2 Ra1 36. Kd3 Rg1 37. e4 h5 38. Ke3 h4 39. h3 Re1+ 40. Kd2
Rg1 41. Ke3 Ra1 42. exd5 exd5 43. Re2 Kf6 44. Kd3 Ra3+ 45. Kd2 Kf5 46. Re5+ Kf4
47. Rxd5 Ra2+ 48. Kd3 Rxg2 49. Rd6 f5 50. Rf6 Rg3 51. d5 Ke5 52. Rg6 Kxd5 53.
Ke3 f4+ 54. Kf2 Ke5 55. Rg8 Kf6 56. Rf8+ Kg7 57. Rf5 Kg6 58. Ra5 Rxh3 59. Ra6+
Kh5 60. Kg2 Rg3+ 61. Kf2 h3 62. Ra8 Rg2+ 63. Kf1 Kh4 64. Rh8+ Kg3 65. Rh5 h2 66.
Rxg5+ Kxf3 67. Rxg2 h1=Q+ 0-1

[Event "Mondiale Lampo FIDE 2019"]
[Site "Mosca"]
[Date "29.12.2019"]
[Round "6.24"]
[White "Sarana, Alexey"]
[Black "Tengis, Tsog-Ochir"]
[Result "1-0"]
[WhiteTitle "GM"]
[BlackTitle "FM"]
[WhiteElo "2663"]
[BlackElo "2190"]
[WhiteFideId "24133795"]
[BlackFideId "4902718"]
[EventDate "2019.12.29"]

1. d4 Nf6 2. Nf3 g6 3. c4 Bg7 4. Nc3 d5 5. cxd5 Nxd5 6. e4 Nxc3 7. bxc3 c5 8.
Rb1 O-O 9. Be2 Qa5 10. O-O Rd8 11. Bg5 Nc6 12. d5 Bxc3 13. Qb3 Nd4 14. Nxd4 Bxd4
15. Bxe7 Re8 16. d6 Be6 17. Bc4 Bxc4 18. Qxc4 Rab8 19. Qd5 Rxe7 20. dxe7 Qc7 21.
Rxb7 Rxb7 22. e8=Q+ Kg7 23. Qec6 1-0

[Event "Mondiale Lampo FIDE 2019"]
[Site "Mosca"]
[Date "29.12.2019"]
[Round "6.25"]
[White "Svidler, Peter"]
[Black "Salgado Lopez, Ivan"]
[Result "1/2-1/2"]
[WhiteTitle "GM"]
[BlackTitle "GM"]
[WhiteElo "2723"]
[BlackElo "2605"]
[WhiteFideId "4102142"]
[BlackFideId "2257327"]
[EventDate "2019.12.29"]

1. Nf3 Nf6 2. g3 b6 3. Bg2 Bb7 4. d3 c5 5. e4 d6 6. O-O Nbd7 7. a4 a6 8. Nc3 g6
9. Nd2 Rb8 10. Nc4 Bg7 11. Bg5 O-O 12. Qd2 Ba8 13. Bh6 b5 14. axb5 axb5 15. Bxg7
Kxg7 16. Na5 Qb6 17. b4 cxb4 18. Ne2 d5 19. Qxb4 dxe4 20. dxe4 e5 21. Nc3 Rfc8
22. Nd5 Nxd5 23. exd5 Rxc2 24. Nc6 Re8 25. Rac1 Rxc1 26. Rxc1 Nf6 27. Rc5 e4 28.
Rxb5 Qa6 29. Ra5 Qd3 30. Bf1 Nxd5 31. Qd6 Qc3 32. Rxa8 Rxa8 33. Qxd5 e3 1/2-1/2

[Event "Mondiale Lampo FIDE 2019"]
[Site "Mosca"]
[Date "29.12.2019"]
[Round "6.26"]
[White "Vachier-Lagrave, Maxime"]
[Black "Grigoriants, Sergey"]
[Result "1-0"]
[WhiteTitle "GM"]
[BlackTitle "GM"]
[WhiteElo "2780"]
[BlackElo "2542"]
[WhiteFideId "623539"]
[BlackFideId "4130804"]
[EventDate "2019.12.29"]

1. e4 e5 2. Nf3 Nc6 3. Bc4 Bc5 4. c3 Nf6 5. d3 d6 6. O-O a6 7. a4 h6 8. Re1 O-O
9. h3 Re8 10. Nbd2 Ba7 11. b4 Be6 12. Bxe6 Rxe6 13. Nf1 Qd7 14. Be3 Bxe3 15.
Nxe3 Ree8 16. Qb3 a5 17. b5 Nd8 18. Kh2 Ne6 19. g3 Nc5 20. Qc4 c6 21. bxc6 bxc6
22. Rab1 Rab8 23. Nxe5 dxe5 24. Rxb8 Rxb8 25. Qxc5 Qxd3 26. Qxe5 Rb2 27. Kg1
Nxe4 28. Rd1 Rb1 29. Rxb1 Qxb1+ 30. Kg2 Qd3 31. Nf5 Nf6 32. Ne7+ Kf8 33. Nxc6
Qe4+ 34. Qxe4 Nxe4 35. c4 Nc5 36. Kf3 Nxa4 37. Nxa5 Ke7 38. Ke4 Nc5+ 39. Kd4
Ne6+ 40. Kd5 Ng5 41. h4 Nh3 42. f3 Ng1 43. Nc6+ Kf6 44. Nd4 g5 45. Kd6 gxh4 46.
gxh4 1-0

[Event "Mondiale Lampo FIDE 2019"]
[Site "Mosca"]
[Date "29.12.2019"]
[Round "6.27"]
[White "Dubov, Daniil"]
[Black "Esipenko, Andrey"]
[Result "1-0"]
[WhiteTitle "GM"]
[BlackTitle "GM"]
[WhiteElo "2690"]
[BlackElo "2642"]
[WhiteFideId "24126055"]
[BlackFideId "24175439"]
[EventDate "2019.12.29"]

1. c4 e5 2. Nc3 Nf6 3. Nf3 Nc6 4. g3 Nd4 5. Bg2 Nxf3+ 6. Bxf3 Bb4 7. Qb3 a5 8.
O-O O-O 9. d3 Bc5 10. Bg2 h6 11. Qc2 d6 12. a3 c6 13. Rb1 Bd7 14. b4 axb4 15.
axb4 Ba7 16. b5 Rc8 17. Ba3 Be6 18. e3 Bb6 19. bxc6 bxc6 20. Bxd6 Qxd6 21. Rxb6
Rfd8 22. Rd1 Bf5 23. Qa4 Bxd3 24. Rxc6 Rxc6 25. Bxc6 Qc7 26. Nd5 Nxd5 27. Rxd3
Nb6 28. Rxd8+ Qxd8 29. Qb5 Qc7 30. Kg2 Nc8 31. Bd5 Nd6 32. Qb4 Nf5 33. c5 Ne7
34. Qc4 Ng6 35. h4 Nf8 36. c6 Nh7 37. Bxf7+ Kh8 38. Qe6 Nf6 39. Bg6 Qd8 40. Bf5
Qc7 41. Qc8+ Qxc8 42. Bxc8 Ne8 43. Kf3 Kg8 44. Bd7 1-0

[Event "Mondiale Lampo FIDE 2019"]
[Site "Mosca"]
[Date "29.12.2019"]
[Round "6.28"]
[White "Dominguez Perez, Leinier"]
[Black "Predke, Alexandr"]
[Result "0-1"]
[WhiteTitle "GM"]
[BlackTitle "GM"]
[WhiteElo "2758"]
[BlackElo "2676"]
[WhiteFideId "3503240"]
[BlackFideId "24107581"]
[EventDate "2019.12.29"]

1. e4 e5 2. Nf3 Nf6 3. d4 Nxe4 4. Bd3 d5 5. Nxe5 Nd7 6. Nxd7 Bxd7 7. O-O Be7 8.
c4 Nf6 9. Nc3 dxc4 10. Bxc4 O-O 11. Re1 c6 12. Bg5 Bg4 13. Bxf6 Bxd1 14. Bxe7
Re8 15. Bxd8 Rxe1+ 16. Bf1 Rxd8 17. d5 Rxf1+ 18. Kxf1 Bc2 19. Rc1 Bd3+ 20. Ke1
cxd5 21. Nxd5 Be4 22. Ne3 Bc6 23. Rd1 Re8 24. Kd2 g6 25. Kc3 Kf8 26. Rd4 Re5 27.
g3 Ke7 28. h4 f5 29. b4 h6 30. a3 g5 31. hxg5 hxg5 32. Kd2 Ke6 33. Kc3 a5 34.
Kd3 Bb5+ 35. Kc3 axb4+ 36. axb4 Bc6 37. Kd3 Be4+ 38. Kc3 Bc6 39. Kd2 Rb5 40. f4
gxf4 41. gxf4 Be4 42. Kc3 Rb6 43. Nc4 Rc6 44. b5 Rc5 45. Kb4 Rd5 46. Rxd5 Kxd5
47. Na5 Kd4 48. b6 Ke3 49. Kc3 Kxf4 50. Kd2 Kg3 51. Ke3 Bd5 52. Kd4 Bh1 53. Ke3
f4+ 54. Ke2 f3+ 0-1

[Event "Mondiale Lampo FIDE 2019"]
[Site "Mosca"]
[Date "29.12.2019"]
[Round "6.29"]
[White "Petrosian, Tigran L."]
[Black "Aronian, Levon"]
[Result "1-0"]
[WhiteTitle "GM"]
[BlackTitle "GM"]
[WhiteElo "2601"]
[BlackElo "2775"]
[WhiteFideId "13301616"]
[BlackFideId "13300474"]
[EventDate "2019.12.29"]

1. e4 c5 2. Nf3 Nc6 3. d4 cxd4 4. Nxd4 e5 5. Nb5 d6 6. a4 Be6 7. N1c3 a6 8. Na3
Rc8 9. Bc4 Nf6 10. Bg5 Be7 11. Bxf6 Bxf6 12. Nd5 O-O 13. O-O g6 14. c3 Bg7 15.
Qd3 Kh8 16. Rad1 Qg5 17. Nc2 f5 18. Nb6 fxe4 19. Qe3 Qxe3 20. Nxe3 Bxc4 21.
Nexc4 Rcd8 22. Nxd6 e3 23. fxe3 Bh6 24. Nbc4 Rxf1+ 25. Kxf1 Rd7 26. Ke2 Bf8 27.
b4 Kg8 28. Ne4 Rc7 29. Rd7 Rxd7 30. Nf6+ Kf7 31. Nxd7 Bg7 32. Nc5 Nd8 33. Nd6+
Ke7 34. Ndxb7 Nxb7 35. Nxb7 e4 36. c4 Bc3 37. b5 axb5 38. cxb5 Bb4 39. a5 Kd7
40. a6 Kc7 41. g4 g5 42. Kd1 h6 43. Kc2 Kb6 44. Kb3 Bd2 45. Nd6 Ka7 46. Nxe4
Bxe3 47. Kc4 Kb6 48. Nf6 1-0

[Event "Mondiale Lampo FIDE 2019"]
[Site "Mosca"]
[Date "29.12.2019"]
[Round "6.30"]
[White "Zhigalko, Sergei"]
[Black "Rakhmanov, Aleksandr"]
[Result "1/2-1/2"]
[WhiteTitle "GM"]
[BlackTitle "GM"]
[WhiteElo "2571"]
[BlackElo "2645"]
[WhiteFideId "13502956"]
[BlackFideId "4173708"]
[EventDate "2019.12.29"]

1. e4 c6 2. d4 d5 3. exd5 cxd5 4. Bd3 Nc6 5. c3 Nf6 6. Bf4 Bg4 7. Qb3 Qd7 8. Nd2
e6 9. Ngf3 Bd6 10. Bxd6 Qxd6 11. O-O O-O 12. Rfe1 Qc7 13. Qc2 Bh5 14. Ne5 a6 15.
Re3 Rac8 16. Nxc6 Qxc6 17. Nf3 Bg6 18. Bxg6 hxg6 19. Ng5 b5 20. a3 a5 21. Qd3 b4
22. axb4 axb4 23. Rae1 bxc3 24. bxc3 Qc4 25. Qd2 Ra8 26. Rh3 Ra2 27. Qe3 Ng4 28.
Qg3 Qe2 29. Rf1 Nh6 30. Qf4 Qb2 31. g4 Ra1 32. Re3 Rxf1+ 33. Kxf1 Qc1+ 34. Kg2
Ra8 35. h3 Qd1 36. Qc7 Rf8 37. Rf3 Qc1 38. Qe5 Qb1 39. Qd6 Qc1 40. Qe5 Qb1 41.
Qg3 Qc1 42. Re3 Qd1 43. Qe5 Qb1 44. Qd6 Qc1 45. Nf3 Ra8 46. Ng5 Qa3 47. Rxe6
fxe6 48. Qxe6+ Kh8 49. Qxg6 Kg8 50. Qe6+ Kh8 51. Qg6 Kg8 52. Qe6+ Kh8 53. Qg6
Kg8 54. Qe6+ Kh8 1/2-1/2

[Event "Mondiale Lampo FIDE 2019"]
[Site "Mosca"]
[Date "29.12.2019"]
[Round "6.31"]
[White "Sychev, Klementy"]
[Black "Anton Guijarro, David"]
[Result "1-0"]
[WhiteTitle "GM"]
[BlackTitle "GM"]
[WhiteElo "2563"]
[BlackElo "2685"]
[WhiteFideId "4114060"]
[BlackFideId "2285525"]
[EventDate "2019.12.29"]

1. Nf3 d5 2. g3 Nf6 3. Bg2 e6 4. O-O Be7 5. d3 O-O 6. Nbd2 a5 7. a4 b6 8. e4
dxe4 9. Ng5 Bb7 10. Ngxe4 Nxe4 11. Nxe4 Qc8 12. Re1 Nd7 13. Bf4 Rd8 14. Qe2 Nc5
15. Nc3 Bxg2 16. Kxg2 Qb7+ 17. Kg1 Bf6 18. Be5 Nd7 19. Bxf6 Nxf6 20. Qe5 Rd7 21.
h3 h6 22. Ne4 Nd5 23. Nd2 Qc6 24. Nc4 Nb4 25. Qe2 Qb7 26. Ne5 Rd5 27. Nxf7 Kxf7
28. Qxe6+ Kf8 29. Re4 g5 30. Qf6+ Kg8 31. Re7 1-0

[Event "Mondiale Lampo FIDE 2019"]
[Site "Mosca"]
[Date "29.12.2019"]
[Round "6.32"]
[White "Yuffa, Daniil"]
[Black "Mamedov, Rauf"]
[Result "0-1"]
[WhiteTitle "GM"]
[BlackTitle "GM"]
[WhiteElo "2566"]
[BlackElo "2659"]
[WhiteFideId "24131423"]
[BlackFideId "13401653"]
[EventDate "2019.12.29"]

1. d4 d5 2. c4 e6 3. Nf3 Nf6 4. g3 c5 5. Bg2 Nc6 6. O-O Be7 7. cxd5 exd5 8. Nc3
O-O 9. Bg5 c4 10. Ne5 Be6 11. f4 Ng4 12. Bxe7 Nxe7 13. Qd2 Nxe5 14. fxe5 Qb6 15.
Kh1 Rad8 16. Rad1 Nc6 17. Rf4 Qa5 18. Rdf1 b5 19. a3 b4 20. axb4 Qxb4 21. Rh4
Ne7 22. Rhf4 Rb8 23. Ra1 Qxb2 24. Qxb2 Rxb2 25. Rxa7 Rc2 26. Rxe7 Rxc3 27. Rf1
Re3 28. Bf3 g5 29. Kg1 g4 30. Kf2 Ra3 31. Bg2 Rb8 32. Rc7 Rb5 33. Rc1 Ra2 34.
Ke1 Rbb2 35. Bf1 Rd2 36. Rb1 Rxd4 37. Rb8+ Kg7 38. Rb6 Kg6 39. Rb8 Re4 40. Rg8+
Kh6 41. Rf8 Rxe5 42. Rc6 Ra1+ 43. Kf2 Rf5+ 44. Ke3 Raxf1 0-1

[Event "Mondiale Lampo FIDE 2019"]
[Site "Mosca"]
[Date "29.12.2019"]
[Round "6.33"]
[White "Utegaliyev, Azamat"]
[Black "Iturrizaga Bonelli, Eduardo"]
[Result "0-1"]
[BlackTitle "GM"]
[WhiteElo "2502"]
[BlackElo "2597"]
[WhiteFideId "13702467"]
[BlackFideId "3901211"]
[EventDate "2019.12.29"]

1. e4 c5 2. Nc3 e6 3. g3 a6 4. Bg2 Nc6 5. Nge2 Nf6 6. O-O Qc7 7. d3 d6 8. h3 b5
9. a3 Bb7 10. f4 h5 11. f5 e5 12. Bg5 Ne7 13. a4 b4 14. Nb1 Nc6 15. Nd2 Be7 16.
Nc4 Na5 17. Ne3 Ng4 18. Nxg4 Bxg5 19. Nh2 c4 20. Nf3 Be3+ 21. Kh2 Rc8 22. Nh4
cxd3 23. Qxd3 Bg5 24. c3 b3 25. Nf3 Be7 26. Nd2 Qb6 27. h4 Bf6 28. Ng1 Ke7 29.
Ngf3 Rhd8 30. Ng5 Qc7 31. Qe2 Rh8 32. Rfd1 Rcd8 33. Nf1 Qc4 34. Rd3 Qc5 35. Ne3
Nc4 36. Nd5+ Kf8 37. Rad1 a5 38. Nf3 Bc6 39. Ng5 Bxa4 40. Ra1 Bb5 41. Rad1 a4
42. Ra1 Nb6 43. Ne3 Bxd3 44. Qxd3 Bxg5 45. hxg5 h4 46. g4 f6 47. gxf6 gxf6 48.
g5 fxg5 49. Ng4 Kf7 50. Qd2 Rdg8 51. Qe2 h3 52. Bf3 Rh4 53. Qa6 Rxg4 54. Qb7+
Kf6 0-1

[Event "Mondiale Lampo FIDE 2019"]
[Site "Mosca"]
[Date "29.12.2019"]
[Round "6.34"]
[White "Nozdrachev, Vladislav"]
[Black "Salem, A.R. Saleh"]
[Result "1-0"]
[WhiteTitle "IM"]
[BlackTitle "GM"]
[WhiteElo "2494"]
[BlackElo "2675"]
[WhiteFideId "24113441"]
[BlackFideId "9301348"]
[EventDate "2019.12.29"]

1. e4 c5 2. Nf3 d6 3. Bb5+ Nd7 4. O-O a6 5. Bd3 Ngf6 6. c3 b5 7. Bc2 Bb7 8. Re1
Qc7 9. d4 cxd4 10. cxd4 Rc8 11. Bb3 Nxe4 12. Nc3 Nxc3 13. bxc3 Nb6 14. Ng5 Nc4
15. a4 h6 16. Qh5 g6 17. Qh3 Bg7 18. Ne4 f5 19. Nd2 Bd5 20. axb5 axb5 21. Nxc4
bxc4 22. Bc2 e6 23. g4 O-O 24. gxf5 gxf5 25. Bxh6 Rf6 26. Bg5 Rg6 27. f4 Bf6 28.
Qh5 Qf7 29. Kf2 Bxg5 30. fxg5 Kg7 31. Qh4 Rh8 32. Qf4 Rh3 33. Re3 Rxe3 34. Kxe3
Qb7 35. h4 Kh8 36. Qxd6 Rg7 37. Rb1 Qa7 38. Rb8+ Kh7 39. Qf8 Kg6 40. Qf6+ Kh5
41. g6 Qc7 42. Qg5# 1-0

[Event "Mondiale Lampo FIDE 2019"]
[Site "Mosca"]
[Date "29.12.2019"]
[Round "6.35"]
[White "Ruck, Robert"]
[Black "Cheparinov, Ivan"]
[Result "1/2-1/2"]
[WhiteTitle "GM"]
[BlackTitle "GM"]
[WhiteElo "2530"]
[BlackElo "2687"]
[WhiteFideId "705713"]
[BlackFideId "2905540"]
[EventDate "2019.12.29"]

1. Nf3 c5 2. c4 Nc6 3. Nc3 g6 4. e3 Nf6 5. d4 cxd4 6. exd4 d5 7. cxd5 Nxd5 8.
Qb3 e6 9. Bb5 Bg7 10. O-O O-O 11. Nxd5 exd5 12. Bxc6 bxc6 13. Bf4 Qb6 14. Rfc1
Bb7 15. Bd6 Rfe8 16. Qc3 Re6 17. Be5 f6 18. Bg3 Rae8 19. Re1 Bf8 20. Rxe6 Rxe6
21. Bf4 Ba6 22. h3 Bb4 23. Qc1 Be2 24. a3 Bf8 25. Qd2 Bxf3 26. gxf3 a5 27. Rc1
a4 28. Kg2 Kf7 29. Rc3 Qb5 30. Rc2 Be7 31. Be3 Qb3 32. Rc3 Qb5 33. Qc2 Qa6 34.
b3 axb3 35. Qxb3 f5 36. a4 Bf6 37. Qb8 Qxa4 38. Qc7+ Be7 39. Rc1 Qb5 40. Ra1 c5
41. Ra8 Ra6 42. Rb8 Qc6 43. Qe5 Qd6 44. Qxd6 Bxd6 45. Rb7+ Ke6 46. dxc5 Be7 47.
f4 Rc6 48. Rb5 Bf6 49. Rb6 Rxb6 50. cxb6 Kd7 51. Kf3 Kc6 52. Ke2 d4 53. Bd2 Kxb6
54. Kd3 Kc6 55. Bc1 Kd5 56. Bd2 Be7 57. Be1 Bd6 58. Bd2 Ba3 59. f3 Bb2 60. Ba5
Bc1 61. Bc7 Be3 62. Bb8 Bf2 63. Bc7 Bg3 64. Bb6 Bf2 65. Bc7 Kc5 66. Be5 Bg1 67.
Bb8 Kd5 68. Bc7 Be3 69. Bb8 Bc1 70. Be5 Bb2 71. Bg7 Bc3 72. Bf6 Ba1 73. Bg7 Kc5
74. Bf6 Bb2 75. Bg7 Kd5 76. Bf6 Bc1 77. Bxd4 Bxf4 78. Bf6 Be5 79. Bd8 Bd6 80.
Ba5 Ke5 81. Bd2 Bc5 82. Bc1 Kd5 83. Bg5 Bd6 84. Bd2 Ke5 85. Bc1 Kf6 86. Ke2 Be5
87. Bd2 Bd4 88. Bf4 Be5 89. Bd2 Ke6 90. Bc1 Bd6 91. Kd3 Bg3 92. Bd2 Ke5 93. Bc1
Bf4 94. Bb2+ Kd5 95. Bc3 Ke6 96. Bb2 Be5 97. Bc1 Kf6 98. Ke2 Bd4 99. Bf4 g5 100.
Bd2 Kg6 101. Kf1 h6 102. Bb4 Kf6 103. Ke2 Ke5 104. Bf8 h5 105. Kf1 Kf4 106. Kg2
Bf6 107. Bc5 Ke5 108. Be3 Be7 109. Kf2 Kd5 110. Ke2 Kc4 111. Bd2 Bf6 112. Bc1 h4
113. Bd2 Be7 114. Bc1 Kc3 115. Bd2+ Kc2 116. Be3 Bf6 117. Bd2 Be7 118. Be3 Kc3
119. Bd2+ Kd4 120. Bc1 Bd8 121. Bd2 Ke5 122. Bc1 1/2-1/2

[Event "Mondiale Lampo FIDE 2019"]
[Site "Mosca"]
[Date "29.12.2019"]
[Round "6.36"]
[White "Kovalev, Vladislav"]
[Black "Quparadze, Giga"]
[Result "0-1"]
[WhiteTitle "GM"]
[BlackTitle "GM"]
[WhiteElo "2662"]
[BlackElo "2462"]
[WhiteFideId "13504398"]
[BlackFideId "13602250"]
[EventDate "2019.12.29"]

1. e4 c5 2. Nc3 e6 3. Nf3 a6 4. d4 cxd4 5. Nxd4 b5 6. Bd3 Qb6 7. Nf3 Nc6 8. e5
Nge7 9. O-O Ng6 10. Re1 Qb8 11. Qe2 Be7 12. Qe4 Bb7 13. Qg4 d6 14. exd6 Qxd6 15.
Ne4 Qd5 16. Nc3 Qd7 17. Qh5 O-O 18. Bg5 Nb4 19. Be4 Bxe4 20. Rxe4 f6 21. Rd1 Qc8
22. Bc1 e5 23. Re2 Rd8 24. Rxd8+ Qxd8 25. Qf5 Qc8 26. Qe4 Qc6 27. Qxc6 Nxc6 28.
Be3 Rd8 29. a3 Rd7 30. Rd2 Rxd2 31. Nxd2 Bd8 32. Nde4 Be7 33. Nd5 Bd8 34. b4
Nge7 35. Nxe7+ Bxe7 36. Kf1 f5 37. Nc3 f4 38. Bb6 Kf7 39. Ke2 Ke6 40. Kd3 Bd6
41. f3 Ne7 42. Bf2 Nd5 43. Ne4 Nf6 44. c4 Nxe4 45. fxe4 g5 0-1

[Event "Mondiale Lampo FIDE 2019"]
[Site "Mosca"]
[Date "29.12.2019"]
[Round "6.37"]
[White "Smirin, Ilia"]
[Black "Antipov, Mikhail Al."]
[Result "1-0"]
[WhiteTitle "GM"]
[BlackTitle "GM"]
[WhiteElo "2607"]
[BlackElo "2549"]
[WhiteFideId "2801990"]
[BlackFideId "4107012"]
[EventDate "2019.12.29"]

1. b3 g6 2. Bb2 Nf6 3. e4 c5 4. e5 Nd5 5. e6 f6 6. exd7+ Bxd7 7. Nf3 e5 8. Nc3
Nxc3 9. dxc3 Bc6 10. Nd2 Bh6 11. h4 Kf8 12. Rh3 Kg7 13. Qe2 Qxd2+ 14. Qxd2 Bxd2+
15. Kxd2 Nd7 16. Rd3 Rhd8 17. Rd1 Kf7 18. Ke1 Ke7 19. h5 Be4 20. Rd6 Bxc2 21.
R1d2 Bf5 22. Ba3 Rac8 23. h6 Be6 24. g3 b6 25. Ba6 Rc7 26. b4 Rf8 27. Bb5 Nb8
28. bxc5 bxc5 29. f4 Rfc8 30. fxe5 fxe5 31. c4 Rf8 32. Bb2 Rf5 33. g4 Rg5 34.
Rd8 Nc6 35. Rh8 Nd4 36. Rxh7+ Kd6 37. Rxc7 Rxg4 38. Rc6+ 1-0

[Event "Mondiale Lampo FIDE 2019"]
[Site "Mosca"]
[Date "29.12.2019"]
[Round "6.38"]
[White "Frolyanov, Dmitry"]
[Black "Chigaev, Maksim"]
[Result "0-1"]
[WhiteTitle "GM"]
[BlackTitle "GM"]
[WhiteElo "2556"]
[BlackElo "2631"]
[WhiteFideId "4151976"]
[BlackFideId "4108116"]
[EventDate "2019.12.29"]

1. e4 g6 2. d4 Bg7 3. Nc3 d6 4. f4 Nf6 5. Nf3 Nc6 6. Be3 Bg4 7. Qd2 O-O 8. O-O-O
e5 9. dxe5 dxe5 10. Qf2 Qe7 11. Bc5 Qe6 12. Bxf8 Rxf8 13. f5 gxf5 14. h3 Bh5 15.
Ng5 Bh6 16. Qh4 Kh8 17. Rd2 Qe7 18. exf5 Rg8 19. Nf3 e4 20. Nd5 Nxd5 21. Qxh5
Bxd2+ 22. Nxd2 e3 23. Nb3 Nf4 24. Qf3 e2 25. Bxe2 Nxe2+ 26. Kb1 Ng3 27. f6 Qe4
28. Qxe4 Nxe4 0-1

[Event "Mondiale Lampo FIDE 2019"]
[Site "Mosca"]
[Date "29.12.2019"]
[Round "6.39"]
[White "Atabayev, Saparmyrat"]
[Black "Fridman, Daniel"]
[Result "0-1"]
[WhiteTitle "IM"]
[BlackTitle "GM"]
[WhiteElo "2425"]
[BlackElo "2616"]
[WhiteFideId "14000571"]
[BlackFideId "11600454"]
[EventDate "2019.12.29"]

1. d4 d5 2. c4 e6 3. Nc3 Be7 4. Nf3 Nf6 5. Bg5 h6 6. Bxf6 Bxf6 7. e3 O-O 8. Be2
dxc4 9. Bxc4 c5 10. dxc5 Nd7 11. O-O Nxc5 12. Qe2 Bxc3 13. bxc3 b6 14. a4 Bb7
15. Nd4 Rc8 16. a5 bxa5 17. f3 a6 18. Kh1 Qc7 19. Rfc1 Rfd8 20. Qa2 a4 21. Rab1
Bd5 22. Bxd5 Rxd5 23. c4 Rdd8 24. Rd1 Rb8 25. h3 g6 26. Rxb8 Rxb8 27. e4 Rd8 28.
Qc2 Qd7 29. Rd2 e5 30. Nb3 axb3 0-1

[Event "Mondiale Lampo FIDE 2019"]
[Site "Mosca"]
[Date "29.12.2019"]
[Round "6.40"]
[White "Alekseev, Evgeny"]
[Black "Khanin, Semen"]
[Result "1-0"]
[WhiteTitle "GM"]
[BlackTitle "IM"]
[WhiteElo "2620"]
[BlackElo "2500"]
[WhiteFideId "4138147"]
[BlackFideId "4111990"]
[EventDate "2019.12.29"]

1. c4 e5 2. d3 Nf6 3. Nf3 Nc6 4. Nc3 g6 5. e3 Bg7 6. Be2 O-O 7. O-O Re8 8. a3 d5
9. cxd5 Nxd5 10. Bd2 Nxc3 11. Bxc3 a5 12. Re1 a4 13. Nd2 Be6 14. Qc2 f5 15. b4
axb3 16. Nxb3 Qd6 17. Bb2 Bd5 18. Rac1 Re7 19. Bf1 Na5 20. Nd2 Ra6 21. e4 Bf7
22. exf5 gxf5 23. d4 Rc6 24. Qxf5 Rxc1 25. Rxc1 Bg6 26. Qg5 Nc6 27. Nc4 Qf6 28.
Qxf6 Bxf6 29. Nxe5 Nxe5 30. dxe5 Bxe5 31. Bxe5 Rxe5 32. f4 Re7 33. Kf2 c6 34. g4
Re4 35. f5 Bf7 36. h3 Ra4 37. Rc3 Bd5 38. Bg2 Bf7 39. Kg3 h6 40. Bf3 Kg7 41. Rd3
Kf6 42. Rc3 Ke5 43. Re3+ Kf6 44. Be4 Rd4 45. h4 c5 46. Kf4 b5 47. g5+ hxg5+ 48.
hxg5+ Ke7 49. Ke5 Ra4 50. f6+ Kd7 51. g6 Bc4 52. Bf5+ Kc7 53. f7 Ra8 54. Be6 1-0

[Event "Mondiale Lampo FIDE 2019"]
[Site "Mosca"]
[Date "29.12.2019"]
[Round "6.41"]
[White "Bocharov, Dmitry"]
[Black "Sadhwani, Raunak"]
[Result "1/2-1/2"]
[WhiteTitle "GM"]
[BlackTitle "IM"]
[WhiteElo "2524"]
[BlackElo "2507"]
[WhiteFideId "4138716"]
[BlackFideId "35093487"]
[EventDate "2019.12.29"]

1. c4 Nf6 2. Nf3 g6 3. d4 Bg7 4. g3 O-O 5. Bg2 c5 6. O-O cxd4 7. Nxd4 Nc6 8. Nc3
Qa5 9. Nc2 d6 10. Bd2 Qh5 11. e4 Be6 12. b3 Rac8 13. Rc1 Qxd1 14. Rfxd1 Nd7 15.
Nd5 Nde5 16. h3 a6 17. Be3 Rfe8 18. f4 Nd7 19. Bf2 h5 20. Kf1 Kf8 21. Nce3 b5
22. cxb5 axb5 23. Nc2 Bb2 24. Rb1 Bg7 25. Rd2 Nf6 26. Nce3 Nb8 27. Nb6 Rc7 28.
Rbd1 Nbd7 29. Nxd7+ Bxd7 30. e5 Nh7 31. exd6 exd6 32. Rxd6 Be6 33. Nd5 Bxd5 34.
R6xd5 Nf6 35. Rxb5 Rc2 36. a4 Kg8 37. Bf3 Ne4 38. Be1 h4 39. gxh4 Bh6 40. Re5
Rxe5 41. fxe5 Nd2+ 42. Bxd2 Bxd2 43. Bd5 Kg7 44. Bc4 Bc3 45. Rd7 Bxe5 46. Rxf7+
Kh6 47. Re7 Bf6 48. Re6 Bxh4 49. Rxg6+ Kh5 50. Rd6 Rf2+ 51. Kg1 Ra2 52. Rd5+ Kg6
53. a5 Bf2+ 54. Kf1 Be3 55. a6 Kf6 56. h4 Rf2+ 57. Ke1 Rh2 58. h5 Kg7 59. Kd1
Kh6 60. Re5 Bd4 61. Rd5 Be3 62. Be2 Rh1+ 63. Kc2 Ra1 64. Rd6+ Kg7 65. Re6 Bf4
66. b4 Kf7 67. Rc6 Rc1+ 68. Kd3 Rxc6 69. a7 Ra6 70. Ke4 Rxa7 71. Kxf4 Ra4 1/2-1/2

[Event "Mondiale Lampo FIDE 2019"]
[Site "Mosca"]
[Date "29.12.2019"]
[Round "6.42"]
[White "Adhiban, Baskaran"]
[Black "Vastrukhin, Oleg"]
[Result "0-1"]
[WhiteTitle "GM"]
[BlackTitle "IM"]
[WhiteElo "2654"]
[BlackElo "2428"]
[WhiteFideId "5018471"]
[BlackFideId "4192770"]
[EventDate "2019.12.29"]

1. e4 e6 2. d4 d5 3. Nd2 c5 4. exd5 exd5 5. Ngf3 Nc6 6. Bb5 Bd6 7. dxc5 Bxc5 8.
O-O Ne7 9. Nb3 Bb6 10. Re1 O-O 11. Be3 Bf5 12. c3 Be4 13. Bxb6 Qxb6 14. Bd3 a5
15. Rb1 Rfd8 16. Nbd4 f5 17. h3 h6 18. Qd2 Rd6 19. Re2 Rf8 20. Rbe1 Nxd4 21.
Nxd4 Nc6 22. Nb5 Rg6 23. Bxe4 dxe4 24. Qd5+ Kh7 25. c4 Nb4 26. Qd4 Qxd4 27. Nxd4
Nd3 28. Rd1 Nf4 29. Re3 Nxg2 30. Rg3 Nf4 31. Kh2 Rd8 32. Rd2 Rxg3 33. fxg3 e3
34. Rd1 Rxd4 0-1